Robot dưới nước = Underwater Robots
Nội dung cuốn sách trình bày các vấn đề chung về robot dưới nước. Giới thiệu một số sáng chế mới liên quan đến robot dưới nước và giới thiệu về một loại robot bắt chước cá.
保存先:
| 第一著者: | |
|---|---|
| フォーマット: | 図書 |
| 言語: | Undetermined |
| 出版事項: |
Hà Nội
Bách Khoa Hà Nội
2015
|
| 主題: | |
| タグ: |
タグ追加
タグなし, このレコードへの初めてのタグを付けませんか!
|
| Thư viện lưu trữ: | Trung tâm Học liệu Trường Đại học Cần Thơ |
|---|
| LEADER | 00970nam a2200217Ia 4500 | ||
|---|---|---|---|
| 001 | CTU_216050 | ||
| 008 | 210402s9999 xx 000 0 und d | ||
| 082 | |a 629.892 | ||
| 082 | |b Ph506 | ||
| 100 | |a Nguyễn, Thiện Phúc | ||
| 245 | 0 | |a Robot dưới nước = | |
| 245 | 0 | |b Underwater Robots | |
| 245 | 0 | |c Nguyễn Thiện Phúc | |
| 260 | |a Hà Nội | ||
| 260 | |b Bách Khoa Hà Nội | ||
| 260 | |c 2015 | ||
| 520 | |a Nội dung cuốn sách trình bày các vấn đề chung về robot dưới nước. Giới thiệu một số sáng chế mới liên quan đến robot dưới nước và giới thiệu về một loại robot bắt chước cá. | ||
| 650 | |a Robots,Robots,Robots,Robots | ||
| 650 | |x Control systems,Fiction,Hệ thống kiểm soát,Chức năng | ||
| 904 | |i Qhieu -Linh, Sương | ||
| 980 | |a Trung tâm Học liệu Trường Đại học Cần Thơ | ||